| 000 | 00693nam a2200217Ia 4500 | ||
|---|---|---|---|
| 003 | GCL | ||
| 008 | 140319s9999 xx 000 0 ara d | ||
| 040 |
_aGCL / _cGCL |
||
| 082 | 0 | 4 |
_a621.57 _bص ع |
| 100 | 1 | _aصبرى بولس | |
| 245 | 1 | 0 |
_aالعناية بالثلاجةالكهربائية و طرق حفظ المأكولات بداخلها و صناعة الايس كريم / _cصبرى بولس |
| 300 | _a128 ص | ||
| 490 | _a | ||
| 650 | 0 | 4 | _aالتبريد |
| 650 | 0 | 4 | _aالثلاجات |
| 650 | 0 | 4 | _aالتخزين البارد |
| 650 | 0 | 4 | _aالثلاجات - صيانة |
| 650 | 0 | 4 | _aالاغذية - تبريد |
| 650 | 0 | 4 | _aالاغذية - حفظ |
| 942 |
_2ddc _cBK |
||
| 999 |
_c45202 _d45202 |
||